Oriente cristiano ayer (Registro nro. 55756)
[ vista simple ]
| 000 -LEADER | |
|---|---|
| campo de control de longitud fija | 00959nam a2200229 i 4500 |
| 001 - NÚMERO DE CONTROL | |
| campo de control | 55756 |
| 003 - IDENTIFICADOR DE NÚMERO DE CONTROL | |
| campo de control | ES-MaACL |
| 005 - FECHA Y HORA DE LA ÚLTIMA TRANSACCIÓN | |
| campo de control | 20250822012740.0 |
| 007 - CAMPO FIJO DE DESCRIPCIÓN FÍSICA--INFORMACIÓN GENERAL | |
| campo de control de longitud fija | t| |
| 008 - DATOS DE LONGITUD FIJA--INFORMACIÓN GENERAL | |
| campo de control de longitud fija | 030926s1953 sp ||||1| spa d |
| 100 1# - ENTRADA PRINCIPAL--NOMBRE DE PERSONA | |
| Nombre de persona | Vries, Guglielmo de. |
| 9 (RLIN) | 115762 |
| 245 10 - MENCIÓN DEL TÍTULO | |
| Título | Oriente cristiano ayer |
| Resto del título | : visión de conjunto sobre la historia de las Iglesias orientales / |
| Mención de responsabilidad, etc. | Guillermo de Vries, S.J. ; [traducción del... Dr. D. Antonio Alvarez de Linera y Grund...]. |
| 260 ## - PUBLICACIÓN, DISTRIBUCIÓN, ETC. | |
| Lugar de publicación, distribución, etc. | [Madrid : |
| Nombre del editor, distribuidor, etc. | Atenas, |
| Fecha de publicación, distribución, etc. | 1953] ( |
| Fabricante | Benzal) |
| 300 ## - DESCRIPCIÓN FÍSICA | |
| Extensión | 218 p. ; |
| Dimensiones | 17 cm. |
| 490 1# - MENCIÓN DE SERIE | |
| Mención de serie | Colección Razonemos nuestra Fe. Serie III. Manuales del pensamiento catolico ; |
| Designación de volumen o secuencia | 1 |
| 650 #4 - PUNTO DE ACCESO ADICIONAL DE MATERIA--TÉRMINO DE MATERIA | |
| Término de materia o nombre geográfico como elemento de entrada | Iglesias orientales- |
| Subdivisión general | Historia. |
| 9 (RLIN) | 168551 |
| 700 1# - ENTRADA AGREGADA--NOMBRE PERSONAL | |
| Nombre de persona | Álvarez de Linera, Antonio, |
| Fechas asociadas al nombre | 1888-1961 |
| 9 (RLIN) | 149717 |
| 830 0# - PUNTO DE ACCESO ADICIONAL DE SERIE-TÍTULO UNIFORME | |
| Título uniforme | Colección Razonemos nuestra Fe. Serie III. Manuales del pensamiento catolico ; |
| Designación de volumen o secuencia | 1 |
| 9 (RLIN) | 230351 |
| 852 ## - LOCALIZACIÓN | |
| Ubicación | ES-MaACL |
| Número de control de estantería | C-14006 |
| 852 ## - LOCALIZACIÓN | |
| Ubicación | ES-MaACL |
| Número de control de estantería | D-9252 |
| Estatus retirado | Estado de pérdida | Estado de daño | No para préstamo | Biblioteca de origen | Biblioteca actual | Ubicación en estantería | Fecha de adquisición | Fuente de adquisición | Total de préstamos | Signatura topográfica completa | Código de barras | Visto por última vez | Precio de reemplazo | Tipo de ítem Koha |
|---|---|---|---|---|---|---|---|---|---|---|---|---|---|---|
| Biblioteca del Ateneo de Madrid | Biblioteca del Ateneo de Madrid | Sala Valle Inclán | 18/10/2019 | D-9252 | 901201214 | 23/02/2023 | 23/02/2023 | Libro impreso | ||||||
| Biblioteca del Ateneo de Madrid | Biblioteca del Ateneo de Madrid | Sala Palomar | 17/01/2008 | C-14006 | 1058570 | 23/02/2023 | 23/02/2023 | Libro impreso |
